Villes de Seine-et-Marne - Statistiques

Statistiques générales
  • Ce quiz a été pris 745 fois
    709 depuis la dernière actualisation
  • Le résultat moyen est 16 sur 44
Statistiques - réponses
Population Ville % Correct
38 000 Melun
96%
49 800 Meaux
90%
52 779 Chelles
72%
15 107 Fontainebleau
71%
21 595 Torcy
70%
12 267 Provins
60%
34 700 Pontault-Combault
55%
14 544 Coulommiers
48%
20 236 Lagny-sur-Marne
47%
15 502 Noisiel
46%
12 898 Nemours
45%
24 418 Champs-sur-Marne
44%
14 560 Lognes
43%
19 693 Roissy-en-Brie
43%
26 935 Savigny-le-Temple
42%
20 200 Ozoir-la-Ferrière
41%
23 341 Bussy-saint-Georges
40%
20 722 Dammarie-lès-Lys
40%
16 251 Brie-Comte-Robert
37%
21 554 Combs-la-Ville
37%
21 217 Le Mée-sur-Seine
37%
10 577 Lieusaint
36%
21 296 Villeparisis
35%
16 378 Moissy-Cramayel
34%
17 625 Montereau-Fault-Yonne
34%
11 026 Claye-Souilly
32%
16 869 Mitry-Mory
32%
13 984 Avon
30%
8 572 Cesson
28%
7 545 Tournan-en-Brie
28%
11 772 Vaires-sur-Marne
28%
7 349 Emerainville
27%
7 479 Nangis
25%
9 061 La-Ferté-sous-Jouarre
24%
8 052 Dammartin-en-Goële
23%
7 984 Gretz-Armainvilliers
22%
9 085 Thorigny-sur-Marne
22%
11 224 Saint-Fargeau-Ponthierry
16%
10 688 Vaux-le-Pénil
15%
7 081 Vert-Saint-Denis
15%
7 442 Lésigny
14%
6 516 Bailly-Romainvilliers
10%
6 749 Othis
6%
7 567 Moret-Loing-et-Orvanne
5%
Aucun quiz correspondant
Distribution des résultats
% des personnes avec chaque résultat
Percentile par nombre de réponses
Votre historique - résultats
Vous n’avez pas pris ce quiz depuis la dernière actualisation